|
|
|
|
| LEADER |
00000nam0a2200000 4500 |
| 001 |
99850 |
| 005 |
20231031111941.0 |
| 035 |
|
|
|a (RuTPU)RU\TPU\book\107275
|
| 090 |
|
|
|a 99850
|
| 100 |
|
|
|a 20060717d1974 k y0rusy50 ca
|
| 101 |
0 |
|
|a rus
|
| 102 |
|
|
|a RU
|
| 105 |
|
|
|a y a 001zy
|
| 200 |
1 |
|
|a Определение углерода и водорода в органических соединениях
|e систематизированный библиографический справочник
|f Н. Э. Гельман, Е. Н. Бунэ
|g АН СССР, Ин-т элементоорганических соединений; отв. ред. М. И. Кабачник
|
| 210 |
|
|
|a Москва
|c Наука
|d 1974
|
| 215 |
|
|
|a 161 с.
|
| 333 |
|
|
|a Исключено из фонда НТБ ТПУ
|
| 700 |
|
1 |
|a Гельман
|b Н. Э.
|
| 701 |
|
1 |
|a Бунэ
|b Е. Н.
|
| 702 |
|
1 |
|a Кабачник
|b М. И.
|4 340
|
| 712 |
0 |
2 |
|a Академия наук СССР (АН СССР)
|b Институт элементоорганических соединений им. А. Н. Несмеянова (ИНЭОС)
|b (Москва)
|
| 801 |
|
1 |
|a RU
|b 63413507
|c 20060717
|g PSBO
|
| 801 |
|
2 |
|a RU
|b 63413507
|c 20210114
|g PSBO
|
| 942 |
|
|
|c BK
|